000
00199 a2200097 4500
001
47951
100
_a
Serjeant
245
_a
Arabian studies
260
_a
London
_b
C Hurst
_c
090
_c
30946
_d
30946
942
_a
NUST-CAE
_c
M
_c
23276
999
_c
283024
_d
283024